Şam tarihine zeyl (Record no. 1481)

MARC details
000 -BAŞLIK
Sabit Uzunlukta Kontrol Alanı 00897na a2200289 4500
001 - KONTROL NUMARASI
Denetim Alanı 14368
003 - KONTROL NUMARASI IDENTIFIER
Denetim Alanı MIRAKIL
005 - SON İŞLEM TARİHİ VE ZAMANI
Denetim Alanı 20181213154824.0
008 - SABİT-BOY VERİ ELEMANLARI - GENEL BİLGİLER
Sabit Uzunlukta Kontrol Alanı 161031b tu 000 0
020 ## - ULUSLARARASI STANDART KİTAP NUMARASI
Uluslararası Standart Kitap Numarası 9786053323761
035 ## - SİSTEM KONTROL NUMARASI
Sistem Kontrol Numarası 14368
040 ## - KATALOGLAMA KAYNAK
Orijinal Kataloglama Ajansı Milas
Kataloglama Dili tur
Metne Dönüştürmek Ajansı TR-AnCHP
041 ## - DİL KODU
Metin / Ses Parça Veya Ayrı Başlığın Dil Kodu tur
082 ## - DEWEY ONLU SINIFLANDIRMA NUMARASI
Sınıflandırma Numarası 956.91
Ürün Numarası I57ş 2015
090 ## - SINIFLAMA NUMARASI
Sınıflama Numarası 956.91 I57ş 2015
100 ## - ANA GİRİŞ - KİŞİSEL İSİM
Kişisel Ad İbn Kalanisi
245 ## - BAŞLIK TABLOSU
Başlık Şam tarihine zeyl
Başlığın Kalan I. ve II. Haçlı Seferleri dönemi
Sorumluluk Tablosu, Vb İbn Kalanisi ; Arapça aslından çeviren: Onur Özatağ
246 ## - UNVAN FORM VARYING
Başlık Doğru / Kısa Başlığı I. ve II. Haçlı Seferleri dönemi
260 ## - YAYIN, DAĞITIM, VB
Yayın, Dağıtım, Vb Yeri İstanbul
Yayıncı, Dağıtıcı, Vs Adı Türkiye iş bankası kültür yayınları
Yayın, Dağıtım, Vb Tarihi 2015
300 ## - FİZİKSEL TANIM
Kapsam 236 s.
Boyutlar 21 sm.
490 ## - SERİSİ TABLOSU
Seri Beyanı Hasan Ali Yücel klasikleri
504 ## - KAYNAKÇA VB NOT
Kaynakça Vb Notu Dizin var.
650 ## - KONU KATMA GİRİŞ - TOPİKAL DÖNEM
Topikal Süreli Veya Coğrafi Ad Giriş Elemanı Haçlı Seferleri
651 ## - KONU KATMA GİRİŞ - COĞRAFİ ADI
Coğrafi İsim Suriye
Genel Alt Bölümü Tarih
Kronolojik Alt Bölümü Haçlı Seferleri
651 ## - KONU KATMA GİRİŞ - COĞRAFİ ADI
Coğrafi İsim Şam (Suriye)
Genel Alt Bölümü Tarih
Kronolojik Alt Bölümü 750-1260
942 ## - EKLENDİ GİRİŞ ELEMANLARI (KOHA)
Sınıflandırma Veya Raf Düzeni Kaynak Dewey Decimal Classification
Koha Öğesi Türü Books
999 ## - SİSTEM KONTROL NUMARALARI (KOHA)
Koha Biblionumber 1481
Koha Biblioitemnumber 1481
Holdings
Kalıcı Konum Mevcut Konum Edinme Tarihi Edinim Kaynak Toplam Check-Out'Lar Tam Çağrı Numarası Barkod Tarih Son Görülme İtibaren Geçerli Fiyatlar Koha Öğesi Türü
CHP Kütüphanesi CHP Kütüphanesi 08/26/2016 Bağış   956.91 I57ş 2015 001090 08/26/2016 08/26/2016 Books